Problems of urban transport in India : (Record no. 123791)

MARC details
000 -LEADER
fixed length control field 00819nam a22002297a 4500
005 - DATE AND TIME OF LATEST TRANSACTION
control field 20170124105930.0
010 ## - LIBRARY OF CONGRESS CONTROL NUMBER
LC control number A-709753
020 ## - INTERNATIONAL STANDARD BOOK NUMBER
Terms of availability 00.00
International Standard Book Number 8121000661
035 ## - SYSTEM CONTROL NUMBER
System control number A-709753
037 ## - SOURCE OF ACQUISITION
Source of stock number/acquisition Cen Lib/Ret
040 ## - CATALOGING SOURCE
Original cataloging agency DPL
Language of cataloging EN
082 ## - DEWEY DECIMAL CLASSIFICATION NUMBER
Classification number 388.40954
Item number PRO
245 ## - TITLE STATEMENT
Title Problems of urban transport in India :
Statement of responsibility, etc edited by D. Panduranga Rao
Remainder of title proceedings of the international seminar held on april 20-22, 1985 /
260 ## - PUBLICATION, DISTRIBUTION, ETC. (IMPRINT)
Place of publication, distribution, etc New Delhi
Name of publisher, distributor, etc Inter-India Publications
Date of publication, distribution, etc 1985
270 ## - ADDRESS
Address D-17, Raja Garden Extn.
City New Delhi
Postal code 110015
300 ## - PHYSICAL DESCRIPTION
Extent xxiii,376p.
Dimensions 21cm(Hb)
500 ## - GENERAL NOTE
General note Includes bibliographical references and index
650 ## - SUBJECT ADDED ENTRY--TOPICAL TERM
Topical term or geographic name as entry element Urban transportation
9 (RLIN) 8052
650 ## - SUBJECT ADDED ENTRY--TOPICAL TERM
Topical term or geographic name as entry element Urban transportation policy
9 (RLIN) 8053
700 ## - ADDED ENTRY--PERSONAL NAME
Personal name Rao, D. Panduranga
9 (RLIN) 4979
942 ## - ADDED ENTRY ELEMENTS (KOHA)
Source of classification or shelving scheme Dewey Decimal Classification
Koha item type English Books
Classification part 388.40954
Call number suffix PRO
Holdings
Withdrawn status Lost status Damaged status Not for loan Home library Current library Date acquired Source of acquisition Cost, normal purchase price Total Checkouts Full call number Barcode Date last seen Copy number Cost, replacement price Price effective from Koha item type
        Central Library Central Library 12/06/2015 Cen Lib/Ret 0.00   388.40954 PRO A-709753 12/06/2015 1 0.00 12/06/2015 English Books

© Delhi Public Library
Hit Counter
free hit counter